000 00251nam a22001217a 4500
040 _cSK
082 _a636
100 _aDUK CHHENG
245 _aផលិតកម្មសាច់គោ
260 _aRUA
_bDUK
_c2015
300 _a95p.
942 _cKB
999 _c10840
_d10840